00440nam a2200157Ia 4500008004100000020001300041082001600054100001700070245002900087250000700116260004100123300002800164500001900192600002100211650005000232240925s9999 xx 000 0 und d a70530491 a005.133 SMI aSmiley, John 0aLearn to Program with C# aNA aNew Delhi:bTata McGraw Hillc,2003. axii,622p.bNAfOriginal aIncludes Index aComputer Science aComputer science, information & general works